00558nam a2200181Ia 450000500170000000800410001704000190005804100120007708200200008910000300010924500600013930000120019965000240021185000100023594200070024599900170025295201070026920221123114905.0131103s9999 xx 000 0 und d aLoreto College aEnglish a954.03bVIV-CHI aChattopadhyaya, Rajagopal aSwami Vivekananda in the WestcRajagopal Chattopadhyaya avi,94p  aVivekananda Swamiji aLCLIB cBK c18370d68849 00102ddc4070aMAINbMAINd2013-11-04l0o954.03 VIV-CHI 46186pB18947r2013-11-04w2013-11-04yBKf